00486nam a2200169 a 450000100100000000500170001000800410002702000150006804000250008308200160010810000200012424500320014426000570017630000350023365000230026865000250029100001958420200929170051.0100630s1988 ag ac r 000 p spa d a9504318878 aDO-SdBNPbspacBNPHU aA861bS528m1 aShannon, Pamela10aMomentos /cPamela Shannon. aBuenos Aires, Argentina :bEdiciones Athenas,c1988. a53 p. :bil., retrs. ;c20 cm. 4aPoesía argentina 4aLiteratura argentina